Management (Record no. 82365)

MARC details
000 -LEADER
fixed length control field 00849nam a2200229 a 4500
008 - FIXED-LENGTH DATA ELEMENTS--GENERAL INFORMATION
fixed length control field 120416s1973 ||||||||||||||||| || u
020 ## - INTERNATIONAL STANDARD BOOK NUMBER
International Standard Book Number 0070151652
050 ## - LIBRARY OF CONGRESS CALL NUMBER
Classification number HD 31 Dal
100 ## - MAIN ENTRY--PERSONAL NAME
Personal name Dale, Ernest, 1917-
245 10 - TITLE STATEMENT
Title Management
246 ## -
-- theory and practice
250 ## - EDITION STATEMENT
Edition statement 3rd ed.
260 ## - PUBLICATION, DISTRIBUTION, ETC.
Place of publication, distribution, etc. New York
Name of publisher, distributor, etc. McGraw-Hill
Date of publication, distribution, etc. 1973
300 ## - PHYSICAL DESCRIPTION
Extent xiii, 800 p. col. illus.
350 ## -
-- 0.00
490 ## -
-- McGraw-Hill series in management
500 ## - GENERAL NOTE
General note Includes bibliographies.
650 #0 - SUBJECT ADDED ENTRY--TOPICAL TERM
Topical term or geographic name entry element MANAGEMENT
650 #0 - SUBJECT ADDED ENTRY--TOPICAL TERM
Topical term or geographic name entry element INDUSTRIAL MANAGEMENT
995 ## -
-- BINDERY (DAMAGED)
-- 0.00
-- 706255
-- CBU-MAIN LIBRARY (Kitwe)
-- 1
-- 14.95
-- HD 31 Dal
-- 1
-- DAMAGED
-- 002846
-- Main Library Open Access Collection
995 ## -
-- BINDERY (DAMAGED)
-- 0.00
-- 729297
-- CBU-MAIN LIBRARY (Kitwe)
-- 2
-- 14.95
-- HD 31 Dal
-- 2
-- DAMAGED
-- 021219
-- Main Library Open Access Collection
999 ## -
-- 82365
-- 82365
Holdings
Withdrawn status Lost status Source of classification or shelving scheme Damaged status Not for loan Permanent Location Current Location Shelving location Date acquired Total Checkouts Full call number Barcode Date last seen Copy number Price effective from Koha item type
          CBU-MAIN LIBRARY, KITWE. CBU-MAIN LIBRARY, KITWE.   09/27/2023   HD 31 Dal 002846 09/27/2023 1 09/27/2023 MONOGRAPH
          CBU-MAIN LIBRARY, KITWE. CBU-MAIN LIBRARY, KITWE.   09/27/2023   HD 31 Dal 021219 09/27/2023 2 09/27/2023 MONOGRAPH